000 00585nam a22001937a 4500
003 OSt
005 20160803150410.0
008 160803b xxu||||| |||| 00| 0 eng d
022 _202666731
040 _c040a
082 _aWB 100
_bD251d 1999
245 _aAfrica bibliography 2009 :
_bworks published on Africa in 2009 /
_cT. A Barringer
260 _aEdinburgh
_bEdinburgh University press
_c1999
300 _axxvi, 410p;
_c14 cm.
504 _aIncludes bibliographical references
650 _aAfrica Bibliography
_910541
700 _aBarringer, T. A
_910542
942 _2z
_cO_SHELF
999 _c4907
_d4907